| 000 | 00445nam a22001817a 4500 | ||
|---|---|---|---|
| 003 | OSt | ||
| 005 | 20230713171635.0 | ||
| 008 | 230713b |||||||| |||| 00| 0 eng d | ||
| 020 | _a9788173053368 | ||
| 082 |
_a954.4 _bDORK |
||
| 100 | _aDORJE, C and DIMRI, D.N. | ||
| 245 | _aKumbhalgarh :the pride of Maharanas of Mewar | ||
| 260 |
_aDelhi _bAryan Books _c2008 |
||
| 300 | _a156p | ||
| 546 | _aEnglish | ||
| 650 | _aHistory | ||
| 942 |
_2ddc _cBK |
||
| 999 |
_c3277 _d3277 |
||